000 00699nam a2200229Ia 4500
005 20260430150803.0
008 008 250103s9999 xx 000 0 hin d
037 _aTheses
040 _aCRL
040 _bhin
040 _chin
041 _2hin
041 _ahin
084 _qCRL
100 _aमीनाक्षी, ले.
_9868813
245 0 _aमहादेवी वर्मा के काव्य - आलंबन का स्वरूप
260 _c2023
300 _a345पृ0
700 _aदिल्ली विश्वविद्यालय. कला संकाय. हिन्दी विभाग
942 _cTH
999 _c1850773
_d1850773